Remittances and development : (Record no. 13730)

000 -LEADER
fixed length control field 00751cam a22002414a 4500
020 ## - INTERNATIONAL STANDARD BOOK NUMBER
ISBN 9780821368701
020 ## - INTERNATIONAL STANDARD BOOK NUMBER
ISBN 0821368702
020 ## - INTERNATIONAL STANDARD BOOK NUMBER
ISBN 9780821368718 (electronic)
020 ## - INTERNATIONAL STANDARD BOOK NUMBER
ISBN 0821368710 (electronic)
040 ## - CATALOGING SOURCE
Transcribing agency DLC
082 00 - DEWEY DECIMAL CLASSIFICATION NUMBER
Classification number 338 WOR 2008 A010 Or.
245 00 - TITLE STATEMENT
Title Remittances and development :
Remainder of title lessons from Latin America /
260 ## - PUBLICATION, DISTRIBUTION, ETC. (IMPRINT)
Place of publication Washington, D.C. :
Name of publisher World Bank,
Year of publication c2008.
300 ## - PHYSICAL DESCRIPTION
Number of Pages xxiv, 383 p. :
Other physical details ill. ;
Dimensions 23 cm.
490 1# - SERIES STATEMENT
Series statement Latin American development forum series
650 #0 - SUBJECT ADDED ENTRY--TOPICAL TERM
Topical Term Emigrant remittances
650 #0 - SUBJECT ADDED ENTRY--TOPICAL TERM
Topical Term Economic development
700 1# - ADDED ENTRY--PERSONAL NAME
Personal name Fajnzylber, Pablo.
700 1# - ADDED ENTRY--PERSONAL NAME
Personal name Lopez, J. Humberto.
710 2# - ADDED ENTRY--CORPORATE NAME
Corporate name or jurisdiction name as entry element World Bank.
856 41 - ELECTRONIC LOCATION AND ACCESS
Uniform Resource Identifier http://www.loc.gov/catdir/toc/ecip0726/2007036235.html
942 ## - ADDED ENTRY ELEMENTS (KOHA)
Koha item type សៀវភៅភាសាអង់គ្លេស
952 ## - LOCATION AND ITEM INFORMATION (KOHA)
Withdrawn status [LOCAL, KOHA] 0
Holdings
Permanent Location Date acquired Koha item type Lost status Shelving location Barcode Current Location Full call number
Library Block A2017-08-30សៀវភៅភាសាអង់គ្លេស A010A19183Library Block A338 WOR 2008 A010 Or.
មជ្ឈមណ្ឌលឯការនៃសាកលវិទ្យាល័យភូមិន្ទកសិកម្មចំការដូង

Powered by Koha